IFM Opac

East African Weeds and Their Control. (Record no. 17930)

MARC details
000 -LEADER
fixed length control field 00383nam a22001457a 4500
082 ## - DEWEY DECIMAL CLASSIFICATION NUMBER
Classification number 581.650 96.
100 ## - MAIN ENTRY--PERSONAL NAME
Personal name Ivens W.G.
245 ## - TITLE STATEMENT
Title East African Weeds and Their Control.
260 ## - PUBLICATION, DISTRIBUTION, ETC.
Place of publication, distribution, etc. Dar es salaam.
Name of publisher, distributor, etc. Ely House.
Date of publication, distribution, etc. 1971
300 ## - PHYSICAL DESCRIPTION
Extent viii,250p.
Other physical details ill,;21cm.
500 ## - GENERAL NOTE
General note Include index.
650 ## - SUBJECT ADDED ENTRY--TOPICAL TERM
Topical term or geographic name entry element East African Weeds and Their Control.
700 ## - ADDED ENTRY--PERSONAL NAME
Personal name G.W.Ivens.
942 ## - ADDED ENTRY ELEMENTS (KOHA)
Koha item type Books
Holdings
Withdrawn status Lost status Source of classification or shelving scheme Damaged status Not for loan Home library Current library Shelving location Date acquired Full call number Barcode Date last seen Price effective from Koha item type
    Dewey Decimal Classification     IFM Main Campus Library IFM Main Campus Library   08/09/2017 581.650 96. 0000011465 08/09/2017 08/09/2017 Books